Lý thuyết trường điện từ

Αποθηκεύτηκε σε:
Λεπτομέρειες βιβλιογραφικής εγγραφής
Κύριος συγγραφέας: Kiều Khắc Lâu
Μορφή: Βιβλίο
Έκδοση: Giáo dục 2001
Ετικέτες: Προσθήκη ετικέτας
Δεν υπάρχουν, Καταχωρήστε ετικέτα πρώτοι!
Thư viện lưu trữ: Mạng thư viện Đại học Đà Nẵng
LEADER 00553nam a2200229 a 4500
001 000030085
003 22191
005 20171030145630.0
008 171030s2001
020 |c 11600 
040 |a LTT 
082 0 |a 538.6  |b KI-L 
100 1 |a Kiều Khắc Lâu 
245 0 0 |a Lý thuyết trường điện từ  |c Kiều Khắc Lâu. 
260 |b Giáo dục  |c 2001 
OWN |a LTT 
999 |a From the UDN01 
TYP |a Monograph 
TYP |a Printed language 
980 |a Mạng thư viện Đại học Đà Nẵng